Diputació de Barcelona : xarxa de municipis [Objecte] xarxa de municipis [Objecte]

Publicado: [Barcelona] : Diputació de Barcelona, [1998]
Descripción Física: 1 adhesiu: col. ; 5 x 14 cm

MARC

LEADER 00000nam a2200000Ia 4500
001 24434
008 160829s9999 xx 000 0 cat d
080 |a NBM-10-5 
245 |a Diputació de Barcelona :  |b  xarxa de municipis [Objecte] 
260 |a [Barcelona] :  |b Diputació de Barcelona, [1998] 
300 |a 1 adhesiu:  |b  col. ;  |c 5 x 14 cm 
710 1 |a Barcelona (Catalunya : Província).  |b Diputació  |9 52408 
901 |a Arxiu 
942 |n 1 
952 |0 0  |1 0  |4 0  |6 NBM105  |7 1  |9 55501  |a Arxiu  |b Arxiu  |d 2016-12-01  |l 0  |o NBM-10-5  |p 24434  |r 2016-12-01 00:00:00  |w 2016-12-01  |y ARXIU 
999 |c 59374  |d 59374